It looks like you're offline.
Open Library logo
additional options menu

MARC Record from Library of Congress

Record ID marc_loc_2016/BooksAll.2016.part01.utf8:18534838:755
Source Library of Congress
Download Link /show-records/marc_loc_2016/BooksAll.2016.part01.utf8:18534838:755?format=raw

LEADER: 00755cam a22002654a 4500
001 00033662
003 DLC
005 20130226080343.0
008 000427s2000 nyua 000 0 eng
010 $a 00033662
020 $a1573890197
040 $aDLC$cDLC$dDLC
042 $apcc
050 00 $aTT825$b.V58 2000
082 00 $a746.43/20437$221
245 00 $aVogue knitting baby blankets.
246 30 $aBaby blankets
250 $a1st ed.
260 $aNew York :$bButterick Pub.,$cc2000.
300 $a95 p. :$bcol. ill. ;$c19 cm.
440 0 $aVogue knitting on the go!
650 0 $aKnitting$vPatterns.
650 0 $aBlankets.
650 0 $aInfants' supplies.
856 42 $3Publisher description$uhttp://www.loc.gov/catdir/description/ste022/00033662.html